000 00539nam a2200181Ia 4500
008 151018s9999 xx 000 0 und d
082 _bRBASDV49776
_a891.432
100 _aविभा रानी
245 _aअगले जनम मोहे
250 _b1
260 _bकिताबहार
_c2008
300 _a96
600 _aविभा रानी
630 _aअगले जनम मोहे
700 _aविभा रानी
730 _aअगले जनम मोहे
942 _cBOOK
999 _c1048776
_d1048773